[Event "Baku Chess Olympiad | Open"]
[Site "chess24.com"]
[Date "2016.09.12"]
[Round "10"]
[White "Moroni, Luca Jr"]
[Black "Hamitevici, Vladimir"]
[Result "1-0"]
[Board "4"]
[WhiteID "865834"]
[WhiteElo "2459"]
[WhiteTitle "FM"]
[WhiteCountry "ITA"]
[WhiteFideId "865834"]
[WhiteEloChange "5"]
[BlackID "13902393"]
[BlackElo "2489"]
[BlackTitle "IM"]
[BlackCountry "MDA"]
[BlackFideId "13902393"]
[BlackEloChange "-5"]

1. d4 {[%clk 1:30:57]} Nf6 {[%clk 1:30:50]} 2. c4 {[%clk 1:31:23]} e6 {[%clk
1:30:55]} 3. Nf3 {[%clk 1:31:48]} b6 {[%clk 1:31:03]} 4. g3 {[%clk 1:32:14]} Bb7
{[%clk 1:31:09]} 5. Bg2 {[%clk 1:32:40]} Be7 {[%clk 1:31:28]} 6. O-O {[%clk
1:33:04]} O-O {[%clk 1:31:46]} 7. Nc3 {[%clk 1:33:26]} Ne4 {[%clk 1:31:55]} 8.
Bd2 {[%clk 1:33:51]} Bf6 {[%clk 1:31:25]} 9. Ne5 {[%clk 1:33:35]} Nxc3 {[%clk
1:30:58]} 10. Bxc3 {[%clk 1:34:01]} Bxg2 {[%clk 1:31:19]} 11. Kxg2 {[%clk
1:34:30]} d5 {[%clk 1:27:45]} 12. Qa4 {[%clk 1:34:43]} Qe8 {[%clk 1:19:08]} 13.
Qb3 {[%clk 1:16:42]} Bxe5 {[%clk 1:18:15]} 14. dxe5 {[%clk 1:17:11]} dxc4 {[%clk
1:18:15]} 15. Qxc4 {[%clk 1:17:39]} Qc6+ {[%clk 1:18:30]} 16. Qxc6 {[%clk
1:18:04]} Nxc6 {[%clk 1:18:55]} 17. Rfc1 {[%clk 1:15:02]} Rac8 {[%clk 1:17:21]}
18. b4 {[%clk 1:09:52]} Rfd8 {[%clk 1:16:32]} 19. Rc2 {[%clk 0:57:25]} Ne7 {[%clk
1:06:24]} 20. Bd2 {[%clk 0:51:31]} h6 {[%clk 1:05:26]} 21. Rac1 {[%clk 0:46:44]}
c6 {[%clk 1:03:29]} 22. f4 {[%clk 0:38:10]} Rd5 {[%clk 0:58:38]} 23. Kf2 {[%clk
0:34:25]} Rcd8 {[%clk 0:58:56]} 24. Be3 {[%clk 0:34:46]} Kf8 {[%clk 0:55:14]} 25.
a4 {[%clk 0:31:40]} Ke8 {[%clk 0:53:32]} 26. g4 {[%clk 0:30:52]} Kd7 {[%clk
0:51:24]} 27. Ra2 {[%clk 0:28:37]} Rb8 {[%clk 0:42:18]} 28. a5 {[%clk 0:21:16]}
Kc7 {[%clk 0:33:17]} 29. axb6+ {[%clk 0:19:55]} axb6 {[%clk 0:33:42]} 30. Ra7+
{[%clk 0:20:10]} Rb7 {[%clk 0:34:05]} 31. Ra8 {[%clk 0:20:34]} Rd8 {[%clk
0:30:41]} 32. Rxd8 {[%clk 0:15:17]} Kxd8 {[%clk 0:31:06]} 33. h4 {[%clk 0:15:40]}
Kc7 {[%clk 0:28:57]} 34. Ra1 {[%clk 0:13:37]} Kb8 {[%clk 0:20:59]} 35. h5 {[%clk
0:11:00]} Ra7 {[%clk 0:20:07]} 36. Rxa7 {[%clk 0:06:08]} Kxa7 {[%clk 0:20:33]}
37. Bd2 {[%clk 0:05:13]} Ka6 {[%clk 0:19:35]} 38. e4 {[%clk 0:04:31]} Kb5 {[%clk
0:17:31]} 39. f5 {[%clk 0:04:03]} Ng8 {[%clk 0:15:20]} 40. Kf3 {[%clk 0:32:20]}
c5 {[%clk 0:36:21]} 41. bxc5 {[%clk 0:29:52]} Kxc5 {[%clk 0:36:45]} 42. Be3+
{[%clk 0:17:01]} Kc6 {[%clk 0:36:26]} 43. f6 {[%clk 0:12:40]} gxf6 {[%clk
0:35:57]} 44. Bxh6 {[%clk 0:11:53]} fxe5 {[%clk 0:01:40]} 45. Bg7 {[%clk
0:11:24]} f6 {[%clk 0:01:12]} 46. h6 {[%clk 0:11:28]} Nxh6 {[%clk 0:01:32]} 47.
Bxh6 {[%clk 0:11:54]} Kd7 {[%clk 0:00:43]} 48. Bg7 {[%clk 0:10:47]} Ke7 {[%clk
0:01:07]} 49. g5 {[%clk 0:10:41]} fxg5 {[%clk 0:00:46]} 50. Bxe5 {[%clk 0:10:59]}
Kf7 {[%clk 0:01:04]} 51. Kg4 {[%clk 0:11:22]} Kg6 {[%clk 0:01:28]} 52. Bc3 {[%clk
0:11:25]} b5 {[%clk 0:01:45]} 53. e5 {[%clk 0:11:42]} Kh6 {[%clk 0:01:58]} 54.
Bb4 {[%clk 0:12:05]} Kg6 {[%clk 0:02:16]} 55. Bd2 {[%clk 0:12:29]} 1-0

[Event "Baku Chess Olympiad | Open"]
[Site "chess24.com"]
[Date "2016.09.12"]
[Round "10"]
[White "Beliavsky, Alexander G"]
[Black "Le, Quang Liem"]
[Result "1/2-1/2"]
[Board "1"]
[WhiteID "14602377"]
[WhiteElo "2602"]
[WhiteTitle "GM"]
[WhiteCountry "SLO"]
[WhiteFideId "14602377"]
[WhiteEloChange "2"]
[BlackID "12401137"]
[BlackElo "2723"]
[BlackTitle "GM"]
[BlackCountry "VIE"]
[BlackFideId "12401137"]
[BlackEloChange "-2"]

1. d4 {[%clk 1:30:55]} Nf6 {[%clk 1:30:45]} 2. c4 {[%clk 1:31:18]} g6 {[%clk
1:31:06]} 3. Nc3 {[%clk 1:31:31]} d5 {[%clk 1:31:27]} 4. Bg5 {[%clk 1:31:40]} Bg7
{[%clk 1:30:52]} 5. Bxf6 {[%clk 1:28:29]} Bxf6 {[%clk 1:31:05]} 6. cxd5 {[%clk
1:28:54]} c6 {[%clk 1:31:22]} 7. Rc1 {[%clk 1:25:20]} O-O {[%clk 1:31:39]} 8.
dxc6 {[%clk 1:25:13]} Bxd4 {[%clk 1:31:49]} 9. c7 {[%clk 1:19:45]} Bxc3+ {[%clk
1:31:43]} 10. Rxc3 {[%clk 1:20:10]} Qxd1+ {[%clk 1:32:00]} 11. Kxd1 {[%clk
1:20:33]} Nc6 {[%clk 1:32:20]} 12. e3 {[%clk 1:13:33]} Bd7 {[%clk 1:25:47]} 13.
Nf3 {[%clk 1:09:41]} Rfc8 {[%clk 1:25:47]} 14. Bb5 {[%clk 1:06:23]} Rxc7 {[%clk
1:25:54]} 15. Ke2 {[%clk 1:06:06]} Kf8 {[%clk 1:11:48]} 16. Rhc1 {[%clk 1:04:29]}
Rcc8 {[%clk 1:08:57]} 17. a3 {[%clk 0:58:25]} f6 {[%clk 1:02:56]} 18. h3 {[%clk
0:53:15]} e5 {[%clk 0:59:59]} 19. Bd3 {[%clk 0:49:42]} Ke7 {[%clk 0:55:56]} 20.
g4 {[%clk 0:47:35]} Nd8 {[%clk 0:45:44]} 21. Nd2 {[%clk 0:46:32]} Rxc3 {[%clk
0:44:09]} 22. Rxc3 {[%clk 0:46:57]} Ne6 {[%clk 0:44:22]} 23. Ne4 {[%clk 0:44:08]}
Bc6 {[%clk 0:37:46]} 24. h4 {[%clk 0:43:38]} Rd8 {[%clk 0:36:42]} 25. Ng3 {[%clk
0:36:58]} a5 {[%clk 0:29:33]} 26. Ne4 {[%clk 0:18:39]} f5 {[%clk 0:23:40]} 27.
gxf5 {[%clk 0:17:49]} gxf5 {[%clk 0:24:07]} 28. Ng3 {[%clk 0:16:25]} f4 {[%clk
0:24:08]} 29. Nf1 {[%clk 0:11:58]} h6 {[%clk 0:14:17]} 30. Nd2 {[%clk 0:09:08]}
f3+ {[%clk 0:10:57]} 31. Ke1 {[%clk 0:08:43]} Rg8 {[%clk 0:11:01]} 32. Ne4 {[%clk
0:08:26]} Rg4 {[%clk 0:10:20]} 33. Ng3 {[%clk 0:08:32]} e4 {[%clk 0:07:39]} 34.
Bc4 {[%clk 0:07:24]} Ng7 {[%clk 0:07:27]} 35. b4 {[%clk 0:06:56]} axb4 {[%clk
0:06:04]} 36. axb4 {[%clk 0:07:23]} Kd6 {[%clk 0:06:22]} 37. Rc1 {[%clk 0:03:24]}
Rxh4 {[%clk 0:02:17]} 38. Rd1+ {[%clk 0:03:33]} Ke7 {[%clk 0:02:19]} 39. b5
{[%clk 0:02:05]} Bd7 {[%clk 0:01:55]} 40. Bd5 {[%clk 0:31:40]} Nf5 {[%clk
0:31:23]} 41. Nxe4 {[%clk 0:25:42]} b6 {[%clk 0:28:15]} 42. Kd2 {[%clk 0:25:10]}
Rh2 {[%clk 0:26:15]} 43. Kc3 {[%clk 0:21:27]} Rg2 {[%clk 0:23:39]} 44. Ra1 {[%clk
0:16:43]} Nd6 {[%clk 0:23:08]} 45. Nxd6 {[%clk 0:16:19]} Kxd6 {[%clk 0:23:36]}
46. Rd1 {[%clk 0:16:35]} Ke7 {[%clk 0:21:23]} 47. Rd2 {[%clk 0:07:50]} Bg4 {[%clk
0:21:37]} 48. Kd4 {[%clk 0:08:16]} Kf6 {[%clk 0:20:22]} 49. e4 {[%clk 0:06:22]}
Rg1 {[%clk 0:19:59]} 50. Rc2 {[%clk 0:06:26]} Rd1+ {[%clk 0:19:30]} 51. Ke3
{[%clk 0:06:04]} Kg5 {[%clk 0:19:03]} 52. Rc6 {[%clk 0:03:10]} Re1+ {[%clk
0:19:21]} 53. Kd4 {[%clk 0:03:34]} Re2 {[%clk 0:19:22]} 54. Rxb6 {[%clk 0:03:21]}
Rxf2 {[%clk 0:19:43]} 55. Rb8 {[%clk 0:03:30]} Rd2+ {[%clk 0:18:48]} 56. Ke3
{[%clk 0:02:17]} Re2+ {[%clk 0:17:24]} 57. Kd3 {[%clk 0:02:46]} Rb2 {[%clk
0:16:48]} 58. b6 {[%clk 0:02:00]} f2 {[%clk 0:11:29]} 59. Rf8 {[%clk 0:02:25]}
Bh3 {[%clk 0:09:12]} 60. Kc3 {[%clk 0:02:30]} 1/2-1/2

[Event "Baku Chess Olympiad | Open"]
[Site "chess24.com"]
[Date "2016.09.12"]
[Round "10"]
[White "Nguyen, Ngoc Truong Son"]
[Black "Lenic, Luka"]
[Result "1/2-1/2"]
[Board "2"]
[WhiteID "12401110"]
[WhiteElo "2633"]
[WhiteTitle "GM"]
[WhiteCountry "VIE"]
[WhiteFideId "12401110"]
[BlackID "14603853"]
[BlackElo "2622"]
[BlackTitle "GM"]
[BlackCountry "SLO"]
[BlackFideId "14603853"]

1. d4 {[%clk 1:30:54]} Nf6 {[%clk 1:30:54]} 2. c4 {[%clk 1:31:12]} e6 {[%clk
1:31:19]} 3. g3 {[%clk 1:31:32]} d5 {[%clk 1:30:03]} 4. Bg2 {[%clk 1:31:25]} Be7
{[%clk 1:28:56]} 5. Nf3 {[%clk 1:30:58]} O-O {[%clk 1:29:20]} 6. O-O {[%clk
1:31:04]} c6 {[%clk 1:29:47]} 7. Qc2 {[%clk 1:31:22]} b6 {[%clk 1:29:56]} 8. Rd1
{[%clk 1:31:29]} h6 {[%clk 1:28:00]} 9. b3 {[%clk 1:25:58]} Bb7 {[%clk 1:27:27]}
10. Nc3 {[%clk 1:26:01]} Nbd7 {[%clk 1:27:39]} 11. e4 {[%clk 1:23:37]} dxe4
{[%clk 1:17:21]} 12. Ne5 {[%clk 1:12:25]} Qc8 {[%clk 1:08:32]} 13. Nxe4 {[%clk
1:11:32]} Nxe5 {[%clk 1:07:23]} 14. dxe5 {[%clk 1:11:49]} Nxe4 {[%clk 1:07:49]}
15. Qxe4 {[%clk 1:12:10]} Qc7 {[%clk 0:53:49]} 16. Be3 {[%clk 0:49:44]} Rfd8
{[%clk 0:52:44]} 17. f4 {[%clk 0:48:15]} Rab8 {[%clk 0:48:53]} 18. Qc2 {[%clk
0:44:40]} c5 {[%clk 0:46:04]} 19. Bxb7 {[%clk 0:44:23]} Qxb7 {[%clk 0:45:27]} 20.
Qg2 {[%clk 0:42:21]} Qxg2+ {[%clk 0:38:47]} 21. Kxg2 {[%clk 0:42:46]} h5 {[%clk
0:36:35]} 22. Kf3 {[%clk 0:42:41]} Rxd1 {[%clk 0:36:37]} 23. Rxd1 {[%clk
0:43:00]} Rd8 {[%clk 0:37:04]} 24. Rf1 {[%clk 0:40:10]} f5 {[%clk 0:16:45]} 25.
exf6 {[%clk 0:39:17]} Bxf6 {[%clk 0:16:58]} 26. h3 {[%clk 0:38:56]} Kf7 {[%clk
0:17:20]} 27. g4 {[%clk 0:36:39]} hxg4+ {[%clk 0:12:41]} 28. hxg4 {[%clk
0:37:01]} g6 {[%clk 0:13:01]} 29. Ke4 {[%clk 0:35:21]} Rh8 {[%clk 0:12:45]} 30.
Rd1 {[%clk 0:34:48]} Rd8 {[%clk 0:12:56]} 31. Rb1 {[%clk 0:31:33]} Bd4 {[%clk
0:08:29]} 32. Rh1 {[%clk 0:23:17]} Rh8 {[%clk 0:08:20]} 33. Rd1 {[%clk 0:21:13]}
Bxe3 {[%clk 0:08:37]} 34. Kxe3 {[%clk 0:21:39]} Ke7 {[%clk 0:09:03]} 35. Rd2
{[%clk 0:20:23]} Rh1 {[%clk 0:08:17]} 36. Re2 {[%clk 0:20:11]} Kd6 {[%clk
0:04:22]} 37. Ke4 {[%clk 0:18:42]} Rg1 {[%clk 0:04:41]} 38. Rd2+ {[%clk 0:18:42]}
Ke7 {[%clk 0:05:09]} 39. Rh2 {[%clk 0:19:01]} Kd6 {[%clk 0:02:02]} 40. g5 {[%clk
0:47:48]} Re1+ {[%clk 0:31:00]} 41. Kf3 {[%clk 0:43:01]} e5 {[%clk 0:27:12]} 42.
Rh6 {[%clk 0:42:13]} exf4 {[%clk 0:26:37]} 43. Kxf4 {[%clk 0:42:33]} Re6 {[%clk
0:26:43]} 44. Rh7 {[%clk 0:38:48]} a5 {[%clk 0:25:21]} 45. Rb7 {[%clk 0:38:47]}
Kc6 {[%clk 0:25:45]} 46. Rf7 {[%clk 0:38:43]} Kd6 {[%clk 0:25:58]} 47. Rb7 {[%clk
0:38:46]} Kc6 {[%clk 0:26:24]} 1/2-1/2

[Event "Baku Chess Olympiad | Open"]
[Site "chess24.com"]
[Date "2016.09.12"]
[Round "10"]
[White "Borisek, Jure"]
[Black "Nguyen, Huynh Minh Huy"]
[Result "1-0"]
[Board "3"]
[WhiteID "14603152"]
[WhiteElo "2558"]
[WhiteTitle "GM"]
[WhiteCountry "SLO"]
[WhiteFideId "14603152"]
[WhiteEloChange "3"]
[BlackID "12401269"]
[BlackElo "2435"]
[BlackTitle "GM"]
[BlackCountry "VIE"]
[BlackFideId "12401269"]
[BlackEloChange "-3"]

1. e4 {[%clk 1:30:57]} c5 {[%clk 1:30:39]} 2. Nf3 {[%clk 1:31:22]} g6 {[%clk
1:31:01]} 3. c3 {[%clk 1:31:38]} d5 {[%clk 1:31:24]} 4. exd5 {[%clk 1:30:04]}
Qxd5 {[%clk 1:31:46]} 5. d4 {[%clk 1:30:30]} Bg7 {[%clk 1:31:58]} 6. Be2 {[%clk
1:29:13]} Nf6 {[%clk 1:31:22]} 7. O-O {[%clk 1:28:04]} O-O {[%clk 1:31:31]} 8. c4
{[%clk 1:22:21]} Qd8 {[%clk 1:29:36]} 9. d5 {[%clk 1:17:42]} Ne4 {[%clk 1:28:56]}
10. Bd3 {[%clk 1:11:11]} Nd6 {[%clk 1:25:58]} 11. Nc3 {[%clk 1:11:31]} e5 {[%clk
1:23:11]} 12. Bg5 {[%clk 0:59:49]} f6 {[%clk 1:19:02]} 13. Be3 {[%clk 0:57:57]}
b6 {[%clk 1:18:04]} 14. Nd2 {[%clk 0:56:23]} f5 {[%clk 1:04:45]} 15. f3 {[%clk
0:56:35]} Bd7 {[%clk 1:03:15]} 16. a3 {[%clk 0:52:45]} a5 {[%clk 1:01:03]} 17.
Bc2 {[%clk 0:51:33]} Na6 {[%clk 0:55:59]} 18. Ba4 {[%clk 0:50:11]} Qe8 {[%clk
0:55:46]} 19. Bxd7 {[%clk 0:45:27]} Qxd7 {[%clk 0:55:47]} 20. Qa4 {[%clk
0:45:39]} Qxa4 {[%clk 0:53:44]} 21. Nxa4 {[%clk 0:44:21]} Rab8 {[%clk 0:54:02]}
22. Rab1 {[%clk 0:44:16]} Rfd8 {[%clk 0:46:58]} 23. Rfd1 {[%clk 0:38:36]} Nc8
{[%clk 0:34:30]} 24. Kf1 {[%clk 0:36:19]} Bf8 {[%clk 0:33:12]} 25. Ke2 {[%clk
0:33:28]} Re8 {[%clk 0:31:06]} 26. g4 {[%clk 0:32:10]} fxg4 {[%clk 0:27:15]} 27.
fxg4 {[%clk 0:31:04]} e4 {[%clk 0:27:14]} 28. Nc3 {[%clk 0:27:47]} Nd6 {[%clk
0:26:57]} 29. Bf4 {[%clk 0:28:10]} e3 {[%clk 0:26:42]} 30. Nf3 {[%clk 0:28:37]}
Rbd8 {[%clk 0:20:56]} 31. Bxd6 {[%clk 0:28:21]} Bxd6 {[%clk 0:21:20]} 32. Ng5
{[%clk 0:22:58]} Nc7 {[%clk 0:15:03]} 33. Nge4 {[%clk 0:22:44]} Kg7 {[%clk
0:15:01]} 34. Nxd6 {[%clk 0:22:35]} Rxd6 {[%clk 0:15:19]} 35. Rd3 {[%clk
0:22:31]} Rf6 {[%clk 0:15:04]} 36. Rxe3 {[%clk 0:21:41]} Rf4 {[%clk 0:15:09]} 37.
Nb5 {[%clk 0:21:38]} 1-0

[Event "Baku Chess Olympiad | Open"]
[Site "chess24.com"]
[Date "2016.09.12"]
[Round "10"]
[White "Nguyen, Anh Khoi"]
[Black "Sebenik, Matej"]
[Result "0-1"]
[Board "4"]
[WhiteID "12404675"]
[WhiteElo "2448"]
[WhiteTitle "FM"]
[WhiteCountry "VIE"]
[WhiteFideId "12404675"]
[WhiteEloChange "-4"]
[BlackID "14602296"]
[BlackElo "2526"]
[BlackTitle "GM"]
[BlackCountry "SLO"]
[BlackFideId "14602296"]
[BlackEloChange "4"]

1. d4 {[%clk 1:30:58]} Nf6 {[%clk 1:30:49]} 2. c4 {[%clk 1:31:22]} e6 {[%clk
1:31:12]} 3. Nf3 {[%clk 1:31:41]} d5 {[%clk 1:31:28]} 4. Nc3 {[%clk 1:32:06]} Be7
{[%clk 1:31:52]} 5. Bf4 {[%clk 1:32:27]} O-O {[%clk 1:32:12]} 6. e3 {[%clk
1:32:54]} c5 {[%clk 1:32:21]} 7. dxc5 {[%clk 1:33:10]} Bxc5 {[%clk 1:32:45]} 8.
Qc2 {[%clk 1:33:06]} Nc6 {[%clk 1:32:02]} 9. Rd1 {[%clk 1:33:08]} Qa5 {[%clk
1:32:22]} 10. Be2 {[%clk 1:32:59]} Ne4 {[%clk 1:21:10]} 11. cxd5 {[%clk 1:16:25]}
Nxc3 {[%clk 1:20:21]} 12. bxc3 {[%clk 1:14:27]} exd5 {[%clk 1:20:46]} 13. Rxd5
{[%clk 1:02:10]} Nb4 {[%clk 0:54:00]} 14. cxb4 {[%clk 1:02:01]} Bxb4+ {[%clk
0:52:24]} 15. Rd2 {[%clk 1:02:26]} Bg4 {[%clk 0:32:46]} 16. Bc7 {[%clk 0:44:08]}
b6 {[%clk 0:30:58]} 17. a3 {[%clk 0:43:40]} Qxa3 {[%clk 0:07:15]} 18. O-O {[%clk
0:43:20]} Bxd2 {[%clk 0:07:38]} 19. Qxd2 {[%clk 0:43:18]} Rfc8 {[%clk 0:08:03]}
20. Be5 {[%clk 0:39:45]} Rd8 {[%clk 0:06:15]} 21. Bd4 {[%clk 0:39:51]} Rac8
{[%clk 0:06:38]} 22. Ne5 {[%clk 0:38:46]} Bxe2 {[%clk 0:06:46]} 23. Qxe2 {[%clk
0:39:15]} f6 {[%clk 0:06:26]} 24. Nd3 {[%clk 0:38:52]} Qb3 {[%clk 0:06:41]} 25.
Nf4 {[%clk 0:38:19]} Rc6 {[%clk 0:01:24]} 26. h4 {[%clk 0:38:30]} Rdc8 {[%clk
0:00:59]} 27. Qg4 {[%clk 0:36:44]} Qf7 {[%clk 0:01:06]} 28. Kh2 {[%clk 0:34:56]}
Rc1 {[%clk 0:01:01]} 29. Rxc1 {[%clk 0:34:50]} Rxc1 {[%clk 0:01:27]} 30. h5
{[%clk 0:35:07]} h6 {[%clk 0:01:49]} 31. Qf5 {[%clk 0:34:00]} Rc7 {[%clk
0:01:07]} 32. e4 {[%clk 0:30:31]} Qd7 {[%clk 0:00:58]} 33. Qd5+ {[%clk 0:27:10]}
Qxd5 {[%clk 0:01:21]} 34. exd5 {[%clk 0:26:42]} Rc4 {[%clk 0:00:55]} 35. Ne6
{[%clk 0:25:18]} Kf7 {[%clk 0:00:57]} 36. Kg3 {[%clk 0:24:28]} a5 {[%clk
0:00:52]} 37. Kf4 {[%clk 0:19:58]} a4 {[%clk 0:00:51]} 38. Kf5 {[%clk 0:20:01]}
Ke7 {[%clk 0:00:42]} 39. Bxb6 {[%clk 0:18:34]} Kd6 {[%clk 0:00:55]} 40. Nxg7
{[%clk 0:47:20]} a3 {[%clk 0:30:48]} 41. Bd8 {[%clk 0:44:36]} Rc8 {[%clk
0:23:15]} 42. Ne8+ {[%clk 0:37:39]} Kxd5 {[%clk 0:18:08]} 43. Bxf6 {[%clk
0:34:07]} Rxe8 {[%clk 0:18:33]} 44. Bc3 {[%clk 0:30:22]} Rf8+ {[%clk 0:15:10]}
45. Kg6 {[%clk 0:30:43]} Rxf2 {[%clk 0:15:34]} 46. g4 {[%clk 0:31:03]} Rg2 {[%clk
0:15:29]} 47. Kxh6 {[%clk 0:31:23]} Rxg4 {[%clk 0:15:53]} 48. Kh7 {[%clk
0:31:47]} Ke6 {[%clk 0:16:15]} 49. h6 {[%clk 0:32:12]} Kf7 {[%clk 0:16:40]} 50.
Kh8 {[%clk 0:32:35]} Rg8+ {[%clk 0:17:06]} 51. Kh7 {[%clk 0:33:02]} Rg6 {[%clk
0:17:16]} 0-1

[Event "Baku Chess Olympiad | Open"]
[Site "chess24.com"]
[Date "2016.09.12"]
[Round "10"]
[White "Vallejo Pons, Francisco"]
[Black "Papaioannou, Ioannis"]
[Result "1-0"]
[Board "1"]
[WhiteID "2205530"]
[WhiteElo "2716"]
[WhiteTitle "GM"]
[WhiteCountry "ESP"]
[WhiteFideId "2205530"]
[WhiteEloChange "4"]
[BlackID "4201345"]
[BlackElo "2631"]
[BlackTitle "GM"]
[BlackCountry "GRE"]
[BlackFideId "4201345"]
[BlackEloChange "-4"]

1. c4 {[%clk 1:30:51]} e5 {[%clk 1:30:34]} 2. g3 {[%clk 1:30:33]} Nf6 {[%clk
1:29:42]} 3. Bg2 {[%clk 1:30:56]} c6 {[%clk 1:29:39]} 4. d4 {[%clk 1:30:45]} e4
{[%clk 1:28:53]} 5. d5 {[%clk 1:26:33]} cxd5 {[%clk 1:22:38]} 6. cxd5 {[%clk
1:26:10]} Bb4+ {[%clk 1:19:08]} 7. Bd2 {[%clk 1:22:45]} Bxd2+ {[%clk 1:14:46]} 8.
Qxd2 {[%clk 1:19:08]} O-O {[%clk 1:13:07]} 9. Nc3 {[%clk 1:09:50]} Re8 {[%clk
1:12:09]} 10. Qd4 {[%clk 0:57:53]} d6 {[%clk 1:10:17]} 11. Nxe4 {[%clk 0:55:24]}
Nxe4 {[%clk 1:09:47]} 12. Bxe4 {[%clk 0:55:51]} Na6 {[%clk 1:05:48]} 13. Kf1
{[%clk 0:47:13]} Bd7 {[%clk 0:59:09]} 14. Kg2 {[%clk 0:44:38]} Qc8 {[%clk
0:52:47]} 15. Rd1 {[%clk 0:39:53]} Nc5 {[%clk 0:48:12]} 16. Bf3 {[%clk 0:39:19]}
a5 {[%clk 0:45:21]} 17. h4 {[%clk 0:35:41]} b5 {[%clk 0:41:34]} 18. Nh3 {[%clk
0:29:41]} Bxh3+ {[%clk 0:40:06]} 19. Rxh3 {[%clk 0:30:09]} b4 {[%clk 0:39:05]}
20. Rhh1 {[%clk 0:30:03]} Qd7 {[%clk 0:38:22]} 21. Rc1 {[%clk 0:26:42]} Qa4
{[%clk 0:35:10]} 22. h5 {[%clk 0:24:18]} h6 {[%clk 0:35:06]} 23. Rh4 {[%clk
0:23:03]} Qd7 {[%clk 0:33:37]} 24. Rg4 {[%clk 0:22:29]} f6 {[%clk 0:32:39]} 25.
Qd2 {[%clk 0:20:22]} Re5 {[%clk 0:30:48]} 26. Rgc4 {[%clk 0:20:18]} Rb8 {[%clk
0:29:25]} 27. Qd1 {[%clk 0:17:13]} Kh8 {[%clk 0:28:04]} 28. Qc2 {[%clk 0:16:36]}
Rb5 {[%clk 0:25:59]} 29. Qd1 {[%clk 0:15:28]} Qe8 {[%clk 0:23:02]} 30. Qd4 {[%clk
0:13:49]} Qf8 {[%clk 0:22:13]} 31. R1c2 {[%clk 0:13:28]} Qe7 {[%clk 0:22:02]} 32.
Qg4 {[%clk 0:12:23]} Qf8 {[%clk 0:22:03]} 33. b3 {[%clk 0:11:57]} Rg5 {[%clk
0:21:48]} 34. Qf4 {[%clk 0:12:02]} Re5 {[%clk 0:21:57]} 35. e4 {[%clk 0:08:07]}
Rb8 {[%clk 0:20:29]} 36. Bg4 {[%clk 0:07:31]} Qe8 {[%clk 0:20:05]} 37. Qf3 {[%clk
0:02:46]} Rxe4 {[%clk 0:01:49]} 38. Rxe4 {[%clk 0:03:02]} Qxe4 {[%clk 0:02:13]}
39. Qxe4 {[%clk 0:02:34]} Nxe4 {[%clk 0:02:39]} 40. Rc6 {[%clk 0:32:49]} Rd8
{[%clk 0:31:52]} 41. Ra6 {[%clk 0:31:29]} Nc5 {[%clk 0:28:22]} 42. Rxa5 {[%clk
0:30:55]} Kg8 {[%clk 0:28:17]} 43. Bf5 {[%clk 0:25:24]} Rb8 {[%clk 0:24:43]} 44.
Ra7 {[%clk 0:24:03]} Kf8 {[%clk 0:23:38]} 45. Bg6 {[%clk 0:21:57]} Nb7 {[%clk
0:23:35]} 46. Ra6 {[%clk 0:20:38]} 1-0

[Event "Baku Chess Olympiad | Open"]
[Site "chess24.com"]
[Date "2016.09.12"]
[Round "10"]
[White "Mastrovasilis, Dimitrios"]
[Black "Salgado Lopez, Ivan"]
[Result "1/2-1/2"]
[Board "2"]
[WhiteID "4202694"]
[WhiteElo "2601"]
[WhiteTitle "GM"]
[WhiteCountry "GRE"]
[WhiteFideId "4202694"]
[WhiteEloChange "1"]
[BlackID "2257327"]
[BlackElo "2662"]
[BlackTitle "GM"]
[BlackCountry "ESP"]
[BlackFideId "2257327"]
[BlackEloChange "-1"]

1. e4 {[%clk 1:30:56]} e5 {[%clk 1:30:54]} 2. Nf3 {[%clk 1:31:10]} Nc6 {[%clk
1:31:18]} 3. Nc3 {[%clk 1:31:21]} Nf6 {[%clk 1:31:35]} 4. d4 {[%clk 1:31:36]}
exd4 {[%clk 1:31:44]} 5. Nxd4 {[%clk 1:31:55]} Bb4 {[%clk 1:31:51]} 6. Nxc6
{[%clk 1:32:04]} bxc6 {[%clk 1:32:10]} 7. Bd3 {[%clk 1:32:22]} d5 {[%clk
1:32:25]} 8. exd5 {[%clk 1:32:30]} cxd5 {[%clk 1:32:48]} 9. O-O {[%clk 1:32:42]}
O-O {[%clk 1:32:52]} 10. h3 {[%clk 1:28:08]} c6 {[%clk 1:29:35]} 11. Qf3 {[%clk
1:28:10]} h6 {[%clk 1:29:39]} 12. Bf4 {[%clk 1:25:35]} Bd6 {[%clk 1:29:26]} 13.
Rfe1 {[%clk 1:24:27]} Rb8 {[%clk 1:28:06]} 14. b3 {[%clk 1:24:03]} Rb4 {[%clk
1:26:58]} 15. Bxd6 {[%clk 1:18:56]} Qxd6 {[%clk 1:26:24]} 16. Qe3 {[%clk
1:19:01]} a5 {[%clk 1:14:38]} 17. Qe7 {[%clk 0:55:34]} Rd8 {[%clk 1:06:56]} 18.
Na4 {[%clk 0:53:07]} Be6 {[%clk 0:57:19]} 19. Qxd6 {[%clk 0:36:34]} Rxd6 {[%clk
0:57:25]} 20. a3 {[%clk 0:33:01]} Rb8 {[%clk 0:57:07]} 21. Nc5 {[%clk 0:31:56]}
Nd7 {[%clk 0:45:21]} 22. Na6 {[%clk 0:30:23]} Rc8 {[%clk 0:43:14]} 23. b4 {[%clk
0:30:34]} axb4 {[%clk 0:33:44]} 24. axb4 {[%clk 0:30:40]} g5 {[%clk 0:33:20]} 25.
Ra5 {[%clk 0:25:04]} Kg7 {[%clk 0:31:46]} 26. f4 {[%clk 0:19:47]} gxf4 {[%clk
0:30:22]} 27. Rf1 {[%clk 0:20:06]} Ne5 {[%clk 0:25:31]} 28. Rxf4 {[%clk 0:19:42]}
Nxd3 {[%clk 0:25:09]} 29. cxd3 {[%clk 0:20:04]} d4 {[%clk 0:24:45]} 30. Nc5
{[%clk 0:12:30]} Rb8 {[%clk 0:24:12]} 31. Nxe6+ {[%clk 0:09:18]} fxe6 {[%clk
0:24:05]} 32. Rg4+ {[%clk 0:08:38]} Kf6 {[%clk 0:23:07]} 33. Rf4+ {[%clk
0:08:17]} Kg6 {[%clk 0:23:20]} 34. Rg4+ {[%clk 0:08:42]} Kf6 {[%clk 0:23:45]} 35.
Rh5 {[%clk 0:07:36]} Rxb4 {[%clk 0:18:11]} 36. Rxh6+ {[%clk 0:07:56]} Kf5 {[%clk
0:17:39]} 37. Rh5+ {[%clk 0:05:43]} Kf6 {[%clk 0:18:03]} 38. Rh6+ {[%clk
0:04:21]} Kf5 {[%clk 0:18:22]} 39. Rh5+ {[%clk 0:02:43]} Kf6 {[%clk 0:18:39]} 40.
Rf4+ {[%clk 0:32:13]} Kg6 {[%clk 0:47:46]} 41. Rh8 {[%clk 0:20:24]} e5 {[%clk
0:45:29]} 42. Rg8+ {[%clk 0:19:53]} Kh7 {[%clk 0:45:00]} 43. Rfg4 {[%clk
0:19:37]} Rb7 {[%clk 0:42:18]} 44. R8g5 {[%clk 0:14:56]} Re7 {[%clk 0:42:21]} 45.
Kf2 {[%clk 0:13:05]} Kh6 {[%clk 0:41:54]} 46. Rg8 {[%clk 0:07:54]} Kh7 {[%clk
0:42:12]} 47. R8g5 {[%clk 0:06:32]} Kh6 {[%clk 0:42:35]} 48. Rg8 {[%clk 0:05:46]}
Kh7 {[%clk 0:42:56]} 49. Ke2 {[%clk 0:05:06]} e4 {[%clk 0:41:47]} 50. R8g5 {[%clk
0:03:19]} exd3+ {[%clk 0:40:46]} 51. Kxd3 {[%clk 0:03:46]} Re3+ {[%clk 0:41:05]}
52. Kd2 {[%clk 0:03:42]} Ree6 {[%clk 0:38:35]} 53. Kd3 {[%clk 0:01:29]} Re3+
{[%clk 0:38:47]} 54. Kd2 {[%clk 0:01:10]} Ree6 {[%clk 0:39:11]} 55. Rg7+ {[%clk
0:01:35]} Kh6 {[%clk 0:38:51]} 56. Rg8 {[%clk 0:01:42]} Kh7 {[%clk 0:37:02]} 57.
R4g7+ {[%clk 0:01:15]} Kh6 {[%clk 0:37:27]} 58. g4 {[%clk 0:00:36]} Rg6 {[%clk
0:37:13]} 59. Rxg6+ {[%clk 0:00:40]} Rxg6 {[%clk 0:37:37]} 60. Rd8 {[%clk
0:00:36]} c5 {[%clk 0:37:06]} 61. Rc8 {[%clk 0:01:04]} Kg7 {[%clk 0:36:28]} 62.
Rc7+ {[%clk 0:01:23]} Kg8 {[%clk 0:36:25]} 63. Rc8+ {[%clk 0:01:12]} Kg7 {[%clk
0:36:45]} 64. Rc7+ {[%clk 0:01:25]} Kg8 {[%clk 0:37:09]} 65. Rxc5 {[%clk
0:01:27]} Rh6 {[%clk 0:37:27]} 66. Rg5+ {[%clk 0:01:38]} Kh7 {[%clk 0:37:34]} 67.
Rh5 {[%clk 0:01:10]} Rxh5 {[%clk 0:37:57]} 68. gxh5 {[%clk 0:01:36]} Kh6 {[%clk
0:38:23]} 69. Kd3 {[%clk 0:02:01]} Kxh5 {[%clk 0:38:49]} 70. Kxd4 {[%clk
0:02:25]} Kh4 {[%clk 0:39:16]} 71. Ke4 {[%clk 0:02:51]} Kxh3 {[%clk 0:39:42]}
1/2-1/2